000 00658nam a22002297i 4500
003 DO-SdBNP
005 20230414104049.0
007 ta
008 230414b2005 dr ||||| |||| 00| f spa d
040 _aDO-SdBNP
_bspa
_cBNPHU
_erda
082 4 _222
100 _970961
_aCruz Mejía, Rose mary
245 1 0 _aDe viaje por la vida /
_cRose Mary Cruz Mejía.
264 _aSanto Domingo :
_bTele-3,
_c2005.
300 _a116 páginas ;
_c22 cm.
336 _2rdacontent
_atexto
_btxt
337 _2rdamedia
_asin mediación
_bn
338 _2rdacarrier
_avolumen
_bnc
590 _aInventariado, 2023 /LP
910 _aLopérez
942 _2ddc
_cLBS1
999 _c53256
_d53256